00536 2200193 4500001002100000008004100021035002000062245006100082100002000143110002100163260002400184300001200208020001800220084001400238082000800252650004200260990001900302990002100321INLIS000000000001347 ind  a0010-0724001347 aSegudang Aneka Pemberdayaan Buah-BuahancEndyah Murniati aEndyah Murniati aMurniati, Endyah aSurabayabSICc2010 a64 hlm. a979.9415.75.6 a664 END s a664 aTeknologi Pembuatan Makanan Komersial aP29/CP/24/1347 aP29/CP/24/1347.1